Music Quiz

Random Music Quiz

Songs on DC Talk's Jesus Freak Album Quiz Stats

 Plays Quiz not verified by Sporcle

Challenge
Share
Tweet
Embed
Score 0/10 Timer 02:00
0 Plays Today
Song Title % Correct
Jesus Freak
100%
Colored People
87.5%
In the Light
75%
What If I Stumble?
68.8%
Mind's Eye
68.8%
Day By Day
62.5%
Between You and Me
62.5%
So Help Me God
50%
Like It, Love It, Need It
37.5%
What Have We Become?
37.5%

You're not logged in!

Compare scores with friends on all Sporcle quizzes.
OR
Log In

You Might Also Like...

Show Comments

Extras

Created Mar 12, 2016SourceReportNominate
Tags:dc talk, Jesus Christ

Top Quizzes Today


Score Distribution

Your Account Isn't Verified!

In order to create a playlist on Sporcle, you need to verify the email address you used during registration. Go to your Sporcle Settings to finish the process.

Report this User

Report this user for behavior that violates our Community Guidelines.

Details: